Eva y Beba : libro 1 /
Apenas se vieron, Eva y Beba supieron que nunca podrían ser amigas. Pero cuando Beba le hace una broma pesada a su hermana mayor y tiene que esconderse rápidamente, Eva va a su rescate con su varita mágica, algo de pintura para la cara y un balde lleno de lombrices. ¿Les parece que van a divertirse?...
Guardado en:
| Autor Principal: | |
|---|---|
| Otros Autores: | , |
| Formato: | Libro |
| Idioma: | Undetermined |
| Publicado: |
Buenos Aires :
Catapulta,
2022.
|
| Edición: | 1a ed. |
| Materias: | |
| Etiquetas: |
Agregar Etiqueta
Sin Etiquetas, Sea el primero en etiquetar este registro!
|
| LEADER | 01106nam a22002415a 4500 | ||
|---|---|---|---|
| 001 | CEM.cems024919 | ||
| 008 | 251006s2022####ag############000#0#und#d | ||
| 005 | 20251006162059.0 | ||
| 245 | 1 | 0 | |a Eva y Beba : |b libro 1 / |c Annie Barrows ; ilustrado por Sophie Blackall. |
| 250 | |a 1a ed. | ||
| 260 | |a Buenos Aires : |b Catapulta, |c 2022. | ||
| 300 | |a 120 p. | ||
| 500 | |a Título original: Ivy and Bean. | ||
| 500 | |a Edad sugerida: a partir de 7 años. | ||
| 520 | |a Apenas se vieron, Eva y Beba supieron que nunca podrían ser amigas. Pero cuando Beba le hace una broma pesada a su hermana mayor y tiene que esconderse rápidamente, Eva va a su rescate con su varita mágica, algo de pintura para la cara y un balde lleno de lombrices. ¿Les parece que van a divertirse? ¡Claro que sí! | ||
| 020 | |a 9789878150963 | ||
| 100 | 1 | |a Barrows, Annie. | |
| 700 | 1 | |a Blackall, Sophie; il. | |
| 700 | 1 | |a Averbach, Márgara; trad. | |
| 653 | |a Literatura estadounidense | ||
| 653 | |a Literatura infantil y juvenil | ||
| 653 | |a Novela estadounidense | ||
| 859 | |a CEMS |b BIB. CEMS - 11 de abril |h 813.5 |i B278 |p 30453.25 |t Ej.1 |v 1 |3 1 | ||
